00411nam a2200181Ia 4500003000400000005001700004006001800021007000300039008004100042037001700083040001800100041001300118082001400131100001000145245005100155260000900206300001400215OSt20220926044722.0a|||||r|||| 00| 0ta220923b |||||||| |||| 00| 0 eng d cGeneral Book aRTLcRTLbeng 2engaeng aX:533, H7 aKrowt 0aProceeding of the Academy of Political Science c1947 a108pccm.